00375 2200145 4500245007100000250001100071100001500082650003000097005001900127260002400146041001400170084000800184300002800192336000900220 aSeluk - beluk dan Teknik Perdagangan Luar NegericAmir M. S.hText aCet. 6 aAmir M. S. aPerdagangan Internasional a20230329082827 aJakartabIPPMc1991 aIndonesia a382 axvi, 380 hlm. :c24 cm. atext